[Event "Olympiad Women 2024"]
[Site "Budapest HUN"]
[Date "2024.09.16"]
[Round "6.26"]
[Board "1"]
[White "Movsesian, Julia"]
[Black "Nassr, Lina"]
[Result "1-0"]
[WhiteElo "2198"]
[BlackElo "2010"]
[PlyCount "63"]
[EventDate "2024.09.11"]
[WhiteTeam "Czech Republic"]
[BlackTeam "Algeria"]
[WhiteTeamCountry "CZE"]
[BlackTeamCountry "ALG"]

1. e4 c5 2. Nf3 e6 3. d4 cxd4 4. Nxd4 a6 5. Bd3 Bc5 6. Nb3 Ba7 7. Qg4 Nf6 8. Qg3 d6 9. c4 Nc6 ({RR} 9... e5 10. Nc3 Be6 11. O-O O-O 12. Be3 Bxe3 13. Qxe3 Nbd7 14. Nd5 a5 15. a4 Rc8 16. f3 Nh5 17. Rfc1 Nc5 18. Bf1 b6 19. Nd2 g6 20. Rd1 Bxd5 21. cxd5 f5 22. exf5 gxf5 23. Nc4 Kh8 24. Rab1 {0-1 Pranesh,M (2580)-Nakamura,H (2802) Titled Tue 10th Sep Early 2024 (6)}) 10. Nc3 h5 $146 ({RR} 10... O-O 11. Be3 Bxe3 12. Qxe3 e5 13. O-O Be6 14. Nd5 Bxd5 15. cxd5 Ne7 16. Rfc1 Nd7 17. f3 Rc8 18. a4 Qb6 19. Qxb6 Nxb6 20. Na5 Rxc1+ 21. Rxc1 Nxa4 22. Rc7 Nxb2 23. Be2 Ng6 24. Rxb7 Na4 25. Nc4 {1-0 Pranesh,M (2580)-Salinas Herrera,P (2479) Titled Tue 10th Sep Early 2024 (4)}) ({RR} 10... Ne5 11. Be2 O-O 12. Bh6 Ng6 13. Bg5 h6 14. Bd2 e5 15. h4 Kh8 16. Bg5 Rg8 17. Nd5 Nxe4 18. Qf3 Nxg5 19. hxg5 Qxg5 20. Rh5 Qd8 21. Qxf7 Nh4 22. Ne7 Rf8 23. Ng6+ Nxg6 24. Qxg6 Bxf2+ 25. Kd1 {0-1 Miseta,N (1608)-Laszlo,D (1529) HUN-ch U14 Girls 2012 (8)}) 11. Bg5 Ne5 12. Rd1 Neg4 13. O-O h4 14. Qxg4 Nxg4 15. Bxd8 Kxd8 16. c5 h3 17. g3 d5 18. exd5 exd5 19. Nxd5 Be6 20. Be4 Kc8 21. Na5 Rb8 22. b4 Bd7 23. Nc4 Be6 24. Nd6+ Kd7 25. Nf4 Kc7 26. Bd5 Bxd5 27. Nxd5+ Kc6 28. Rfe1 Rhf8 29. Re7 Rbc8 30. Nxc8 Rxc8 31. a4 a5 32. Nb6 1-0

[Event "Olympiad Women 2024"]
[Site "Budapest HUN"]
[Date "2024.09.16"]
[Round "6.26"]
[Board "2"]
[White "Latreche, Sabrina"]
[Black "Rodshtein, Tereza"]
[Result "0-1"]
[WhiteElo "2030"]
[BlackElo "2149"]
[PlyCount "86"]
[EventDate "2024.09.11"]
[WhiteTeam "Algeria"]
[BlackTeam "Czech Republic"]
[WhiteTeamCountry "ALG"]
[BlackTeamCountry "CZE"]

1. d4 d5 2. Bf4 Nc6 3. e3 f6 4. Bd3 ({RR} 4. Bb5 e6 5. Nf3 Bd6 6. Bg3 Nge7 7. O-O O-O 8. c4 a6 9. Bxc6 Nxc6 10. cxd5 exd5 11. Nc3 Bxg3 12. hxg3 Bf5 13. Qb3 Bd3 14. Nxd5 Bxf1 15. Nxc7+ Rf7 16. Nxa8 Bb5 17. a4 Na5 18. Qb4 Nc6 {1-0 Sevian,S (2619)-Trent,L (2440) Titled Tuesday intern op 3rd April blitz 2018 (4)}) ({RR} 4. Bb5 a6 5. Ba4 b5 6. Bb3 e5 7. Bg3 Be6 8. a4 b4 9. a5 Nh6 10. Ba4 Qd6 11. Nf3 O-O-O 12. h3 Nf5 13. Bh2 g5 14. Nbd2 Bg7 15. Nb3 h5 16. Nc5 g4 17. Qe2 Nb8 18. Nd2 gxh3 {1-0 Cuenca Jimenez,J (2502)-Kotyk,M (2130) Titled Tue 14th May Late 2024 (1)}) 4... Be6 5. c3 Bf7 6. Nf3 Qd7 $146 ({RR} 6... Bh5 7. Qa4 Qd7 8. Bb5 e6 9. Nbd2 Bd6 10. Bxd6 Qxd6 11. c4 Nge7 12. cxd5 exd5 13. O-O O-O 14. Rac1 Nd8 15. Bd3 Bg6 16. Bxg6 Nxg6 17. b4 Ne6 18. Nb3 Rfd8 19. Nc5 Nxc5 20. Rxc5 a6 21. Rfc1 {1-0 Meulner,K (2134)-Hoffmann,S (1860) Pyramiden Franken Cup 2015 (5)}) 7. Qa4 e5 8. dxe5 fxe5 9. Bb5 exf4 10. Ne5 Nxe5 11. Bxd7+ Nxd7 12. Qxf4 Bd6 13. Qg4 Ngf6 14. Qh4 O-O-O 15. Nd2 Ne5 16. O-O Kb8 17. a4 h5 18. a5 Neg4 19. Nf3 Ne4 20. Ng5 Be7 21. Qxg4 hxg4 22. Nxf7 Bd6 23. Nxh8 Rxh8 24. g3 Nd2 25. Rfd1 Nf3+ 26. Kf1 Rxh2 27. Ra4 Rh1+ 28. Ke2 Rxd1 29. Kxd1 Ne5 30. a6 b5 31. Ra1 c6 32. Ke2 Kc7 33. b3 b4 34. cxb4 Bxb4 35. Rh1 Be7 36. e4 d4 37. Rd1 Bc5 38. Kd2 Kb6 39. Rh1 d3 40. Rh5 Bd4 41. Rf5 Kxa6 42. Rf8 Kb7 43. b4 Ka6 0-1

[Event "Olympiad Women 2024"]
[Site "Budapest HUN"]
[Date "2024.09.16"]
[Round "6.26"]
[Board "3"]
[White "Korenova, Martina"]
[Black "Nassr, Rania"]
[Result "0-1"]
[WhiteElo "2104"]
[BlackElo "1866"]
[PlyCount "94"]
[EventDate "2024.09.11"]
[WhiteTeam "Czech Republic"]
[BlackTeam "Algeria"]
[WhiteTeamCountry "CZE"]
[BlackTeamCountry "ALG"]

1. e4 c5 2. Nf3 e6 3. b3 Nf6 4. e5 Nd5 5. Nc3 Nxc3 6. dxc3 d5 7. exd6 Qxd6 8. Qe2 Nc6 9. Bb2 Be7 10. g3 Bf6 11. Bg2 O-O 12. Nd2 Qc7 13. O-O-O a6 $146 ({RR} 13... a5 14. a4 Bd7 15. Ne4 Be7 16. Rd2 Rfd8 17. Rhd1 Be8 18. f4 Rxd2 19. Nxd2 Rd8 20. Nc4 Rxd1+ 21. Qxd1 g6 22. Ba3 b6 23. Kb1 Bf6 24. Nd6 Qd8 25. Qd3 Bd7 26. Nc4 Be8 27. Nd6 Bd7 28. Bc1 {1-0 Carlsen,M (2839)-Sarana,A (2693) Titled Tue 5th Sep Late 2023 (6)}) 14. Qh5 Ne5 15. f4 Nd7 16. Ne4 Be7 17. c4 h6 18. Rhe1 f5 19. Nf2 Bf6 20. Qe2 Bxb2+ 21. Kxb2 Re8 22. Nd3 Rb8 23. Ne5 Nxe5 24. Qxe5 Qxe5+ 25. Rxe5 b6 26. Bc6 Re7 27. Rd8+ Kf7 28. Re2 Rc7 29. Bf3 Rd7 30. Rxd7+ Bxd7 31. a4 a5 32. Rd2 Ke7 33. Kc3 Be8 34. h3 Rd8 35. Rxd8 Kxd8 36. g4 g5 37. Kd3 gxf4 38. gxf5 exf5 39. h4 Ke7 40. Ke2 Kd6 41. Kf2 Bc6 42. Bh5 Be4 43. Bd1 Ke5 44. c3 Bb1 45. Kf3 Be4+ 46. Kf2 f3 47. Kg3 h5 0-1

[Event "Olympiad Women 2024"]
[Site "Budapest HUN"]
[Date "2024.09.16"]
[Round "6.26"]
[Board "4"]
[White "Djerroud, Chahrazed"]
[Black "Novosadova, Kristyna"]
[Result "0-1"]
[WhiteElo "1910"]
[BlackElo "2066"]
[PlyCount "64"]
[EventDate "2024.09.11"]
[WhiteTeam "Algeria"]
[BlackTeam "Czech Republic"]
[WhiteTeamCountry "ALG"]
[BlackTeamCountry "CZE"]

1. e4 c5 2. Nf3 Nc6 3. d4 cxd4 4. Nxd4 Nf6 5. Nc3 e5 6. Ndb5 d6 7. Bg5 a6 8. Na3 b5 9. Nd5 Be7 10. Bxf6 Bxf6 11. c3 Bg5 12. Nc2 Ne7 13. a4 bxa4 14. Rxa4 O-O 15. Bc4 a5 16. h4 Bh6 17. g4 ({RR} 17. Ncb4 Bd7 18. Nxe7+ Qxe7 19. Nd5 Qd8 20. Ra2 Kh8 21. Qe2 Rb8 22. g3 Be6 23. O-O f5 24. exf5 Bxf5 25. Rfa1 Qd7 26. Rxa5 Bg4 27. Qc2 Bf3 28. Bf1 e4 29. Re1 Qf7 30. b4 Rbe8 31. Ne3 g5 {1-0 So,W (2822)-Lagarde,M (2600) Titled Tuesday intern op 7th Febr blitz 2017 (7)}) ({RR} 17. b3 Bd7 18. Ra2 Nxd5 19. Bxd5 Ra7 20. g3 Qb6 21. O-O Kh8 22. Na3 Qc5 23. Nc4 f5 24. b4 axb4 25. cxb4 Qc7 26. Rxa7 Qxa7 27. Nxd6 fxe4 28. Nf7+ Rxf7 29. Bxf7 Qc7 30. Bb3 e3 31. Qd5 exf2+ {1-0 Liu,T (2098)-Thomas,R (1814) 19th South Wales Int 2024 (6.16)}) 17... Bf4 18. Nce3 Bxe3 $146 ({RR} 18... Rb8 19. Ra2 Be6 20. g5 Kh8 21. Qd3 Bxe3 22. Nxe3 Ng6 23. Ng2 Qc7 24. Bd5 Ne7 25. h5 Nxd5 26. exd5 Bd7 27. Ne3 f5 28. h6 g6 29. f4 Rfe8 30. Kd2 Kg8 31. Qc4 Qb6 32. fxe5 Rxe5 33. Nc2 {1-0 Rorrer,G (2230)-Zhigalko,S (2572) Titled Tue 1st Nov Late 2022 (10)}) 19. Nxe3 Bd7 20. Ra2 Be6 21. h5 Bxc4 22. Nxc4 d5 23. Nxe5 Qc7 24. Nf3 dxe4 25. Nd4 Rad8 26. Qe2 Nd5 27. O-O Rfe8 28. Rfa1 e3 29. fxe3 Rxe3 30. Qf2 Rg3+ 31. Kh1 Ne3 32. Rxa5 Qb7+ 0-1

[Event "Olympiad Women 2024"]
[Site "Budapest HUN"]
[Date "2024.09.16"]
[Round "6.27"]
[Board "1"]
[White "Ptacnikova, Lenka"]
[Black "Zherebtsova, Alexandra"]
[Result "0-1"]
[WhiteElo "2065"]
[BlackElo "2239"]
[PlyCount "132"]
[EventDate "2024.09.11"]
[WhiteTeam "Iceland"]
[BlackTeam "Montenegro"]
[WhiteTeamCountry "ISL"]
[BlackTeamCountry "MNE"]

1. c4 e6 2. g3 Nf6 3. Bg2 d5 4. Nf3 Be7 5. O-O O-O 6. b3 d4 7. e3 c5 8. Ne5 Qc7 9. f4 Nbd7 10. Nd3 e5 11. g4 exf4 12. g5 Ne8 13. exd4 Bxg5 14. Nc3 Nef6 15. Nb5 $146 ({RR} 15. Qf3 cxd4 16. Nb5 Qa5 17. Ba3 a6 18. Bxf8 Nxf8 19. Nd6 Qxd2 20. Rae1 h5 21. Nxc8 Rxc8 22. Re2 Qc3 23. Rc1 Qa5 24. Re5 Qd2 25. Rxg5 Re8 26. Rd1 Qxa2 27. Re5 Qxb3 28. Rxe8 Nxe8 29. Ne5 Qa4 {1-0 Oparin,G (2671)-Hakobyan,A (2619) College Final Four 2024 (3.1)}) 15... Qb6 16. Ba3 cxd4 17. Nd6 Rd8 18. Nxf4 d3+ 19. Kh1 Nc5 20. Nxc8 Raxc8 21. Bxc5 Rxc5 22. Nd5 Qe6 23. Re1 Qd6 24. Rc1 Nxd5 25. Bxd5 Rxd5 26. cxd5 Qxd5+ 27. Kg1 Bf6 28. h3 Bd4+ 29. Kh2 Be5+ 30. Kg1 h5 31. Rf1 Bd4+ 32. Kh2 Be5+ 33. Kg1 Bd4+ 34. Kh2 Re8 35. Qf3 Re2+ 36. Kh1 Qxf3+ 37. Rxf3 Rxd2 38. Rc8+ Kh7 39. Rd8 Rd1+ 40. Kg2 Rg1+ 41. Kh2 d2 42. Rxd4 d1=Q 43. Rxd1 Rxd1 44. Rxf7 Rd2+ 45. Kg3 Rxa2 46. Rxb7 Kh6 47. Rc7 Ra3 48. Kg2 h4 49. Rd7 Kg6 50. Re7 Kf6 51. Rc7 a5 52. Ra7 g6 53. Ra6+ Kf5 54. Rb6 g5 55. Rc6 Ra2+ 56. Kg1 Re2 57. Rc4 Re4 58. Rc5+ Re5 59. Rc4 Rb5 60. Kg2 Ke5 61. Rg4 Kf6 62. Ra4 Ke6 63. Ra2 Kd5 64. Ra4 Kc6 65. Rg4 Rxb3 66. Rxg5 Rg3+ 0-1

[Event "Olympiad Women 2024"]
[Site "Budapest HUN"]
[Date "2024.09.16"]
[Round "6.27"]
[Board "2"]
[White "Skvortsova, Alena"]
[Black "Johannsdottir, Johanna Bjorg"]
[Result "1-0"]
[WhiteElo "2179"]
[BlackElo "2013"]
[PlyCount "89"]
[EventDate "2024.09.11"]
[WhiteTeam "Montenegro"]
[BlackTeam "Iceland"]
[WhiteTeamCountry "MNE"]
[BlackTeamCountry "ISL"]

1. e4 c5 2. Nf3 Nc6 3. Bb5 Nf6 4. Nc3 g6 5. e5 Ng4 6. Qe2 Bg7 7. Bxc6 dxc6 8. h3 Nh6 9. g4 ({RR} 9. d3 Nf5 10. O-O O-O 11. Bf4 b6 12. Rae1 a5 13. Qe4 Ra7 14. Qe2 a4 15. a3 Nd4 16. Qd1 h6 17. Bh2 Be6 18. Nxd4 cxd4 19. Ne4 Bc8 20. f4 f5 21. exf6 exf6 22. f5 Bxf5 23. Nd6 Bd7 {1-0 Johnson,J (2277)-Ezra,P (2339) Budapest 1 Week Aug GMB 2024 (6.1)}) 9... O-O 10. b3 $146 ({RR} 10. d3 Be6 11. Ne4 f5 12. exf6 exf6 13. Be3 Bd5 14. c4 Bxe4 15. dxe4 Qe7 16. Qc2 Rae8 17. Nd2 f5 18. g5 f4 19. Bxc5 Qxc5 20. gxh6 Bxh6 21. f3 Qe3+ 22. Kf1 Rd8 23. Rh2 Rd3 24. Re1 Qd4 {1-0 Novoselski,Z (2340)-Friedrich,U (2270) Wuerzburg op 1987 (5)}) ({RR} 10. d3 f5 11. g5 Nf7 12. Bf4 Qa5 13. h4 Nd8 14. Qe3 Ne6 15. O-O-O b5 16. a3 b4 17. Nb1 Nxf4 18. Qxf4 Be6 19. Nfd2 Rfd8 20. h5 Qc7 21. Rde1 Rd5 22. hxg6 hxg6 23. axb4 cxb4 24. Qxb4 Rb8 {1-0 He,S (2129)-Schill,W (2178) Washington State-ch Premier 2016 (1)}) 10... f6 11. Bb2 fxe5 12. Nxe5 Qc7 13. Na4 b6 14. O-O-O Ba6 15. Qe3 Nf7 16. f4 Nxe5 17. Bxe5 Bxe5 18. fxe5 c4 19. h4 cxb3 20. axb3 Rf7 21. h5 Rg7 22. hxg6 Rxg6 23. g5 Rf8 24. Rh6 Rf5 25. Rxg6+ hxg6 26. d4 e6 27. Nc3 Qh7 28. Ne4 Qh4 29. Kb2 Qh5 30. Ra1 Qe2 31. Qxe2 Bxe2 32. Rxa7 Rf4 33. Nf6+ Kf8 34. c3 b5 35. Ka3 Rf3 36. Kb4 Rd3 37. Nd7+ Ke8 38. Nc5 Rg3 39. Nxe6 Bd1 40. Ng7+ Kf8 41. e6 Re3 42. Kc5 Bxb3 43. Kxc6 Rxc3+ 44. Kd6 Re3 45. e7+ 1-0

[Event "Olympiad Women 2024"]
[Site "Budapest HUN"]
[Date "2024.09.16"]
[Round "6.27"]
[Board "3"]
[White "Thorsteinsdottir, Hallgerdur"]
[Black "Milovic, Aleksandra"]
[Result "1-0"]
[WhiteElo "1938"]
[BlackElo "2121"]
[PlyCount "75"]
[EventDate "2024.09.11"]
[WhiteTeam "Iceland"]
[BlackTeam "Montenegro"]
[WhiteTeamCountry "ISL"]
[BlackTeamCountry "MNE"]

1. e4 c5 2. Nf3 e6 3. c4 Nc6 4. Nc3 Nf6 5. Be2 d5 6. exd5 exd5 7. d4 dxc4 8. d5 Nb4 9. Bxc4 Bd6 10. a3 Na6 11. O-O O-O 12. Bg5 h6 13. Bh4 Bf5 14. Re1 $146 ({RR} 14. Qb3 Rb8 15. Nb5 Nc7 16. Nxd6 Qxd6 17. Bg3 Qd8 18. d6 Ne6 19. d7 b5 20. Be2 Rb7 21. Bd6 Qxd7 22. Bxf8 Kxf8 23. Rad1 Qc7 24. Rfe1 Be4 25. h3 Kg8 26. Qc3 Rb8 27. Qe5 Qb7 28. Nh4 Re8 {1-0 Dauletova,G (2275)-Zaksaite,S (2298) Olympiad Women-42 2016 (4.5)}) 14... Nc7 15. Ne5 a6 16. a4 Rb8 17. Qf3 Qc8 18. Bxf6 gxf6 19. Bd3 Bxd3 20. Nxd3 f5 21. Ne5 Ne8 22. Qh5 Kg7 23. Nc4 Kh7 24. Rxe8 Bxh2+ 25. Kxh2 Qxe8 26. Qxf5+ Kg7 27. Ne4 Qe7 28. Ra3 Rg8 29. d6 Qe6 30. Rg3+ Kh8 31. Rxg8+ Kxg8 32. Qxe6 fxe6 33. Nxc5 b6 34. Nxa6 Rd8 35. Nb4 Kf8 36. Nc6 Rd7 37. N6e5 Rd8 38. d7 1-0

[Event "Olympiad Women 2024"]
[Site "Budapest HUN"]
[Date "2024.09.16"]
[Round "6.27"]
[Board "4"]
[White "Popovic, Mateja"]
[Black "Briem, Gudrun Fanney"]
[Result "1-0"]
[WhiteElo "1932"]
[BlackElo "1764"]
[PlyCount "79"]
[EventDate "2024.09.11"]
[WhiteTeam "Montenegro"]
[BlackTeam "Iceland"]
[WhiteTeamCountry "MNE"]
[BlackTeamCountry "ISL"]

1. d4 d5 2. c4 c6 3. cxd5 cxd5 4. Nc3 Nf6 5. Nf3 Nc6 6. Bf4 a6 7. e3 Bf5 8. Qb3 Na5 9. Qa4+ Bd7 10. Qc2 e6 11. Bd3 Be7 12. O-O O-O 13. Ne5 Rc8 14. Rac1 b5 ({RR} 14... Nc4 15. Qe2 b5 16. Nxc4 dxc4 17. Be4 Nxe4 18. Nxe4 Bc6 19. Nc3 b4 20. Nb1 Bb5 21. Qg4 c3 22. Rfe1 cxb2 23. Rcd1 Ba4 24. Rd2 Rc1 25. Qe2 Bb5 26. Qd1 Rxd1 {0-1 Cai,X-Liang,H (1463) Chinese Youth G14 2024 (4.13)}) 15. a3 Nc4 16. Qe2 h6 $146 ({RR} 16... Qa5 17. Bg5 Qd8 18. f4 h6 19. Bh4 Ne8 20. Bxe7 Qxe7 21. Rf3 Ned6 22. g4 Nxe5 23. dxe5 Nc4 24. Rh3 f6 25. exf6 Qxf6 26. Kh1 Bc6 27. Kg1 d4 28. g5 hxg5 29. Ne4 Bxe4 30. Bxe4 Nxe3 31. Rxc8 {0-1 Perrusset,B (1896)-Le Bail,C (1971) Agneaux St Lo (Women) 2006 (1)}) 17. e4 Nxe4 18. Nxe4 dxe4 19. Qxe4 f5 20. Qb7 Nxe5 21. Bxe5 Rxc1 22. Rxc1 Bc8 23. Rxc8 Qxc8 24. Qxe7 Rf7 25. Qc5 Qd7 26. h3 Rf8 27. Qb6 Qc8 28. Kh2 Rf7 29. Qc5 Qb7 30. Be2 Rf8 31. Bf3 Qd7 32. Bc6 Qc8 33. Qd6 Kh7 34. Qe7 Rg8 35. Bd7 Qb7 36. Qxe6 Rd8 37. Qxf5+ Kh8 38. Be6 b4 39. Qg6 b3 40. Qxh6# 1-0

[Event "Olympiad Women 2024"]
[Site "Budapest HUN"]
[Date "2024.09.16"]
[Round "6.28"]
[Board "1"]
[White "Terao, Juliana Sayumi"]
[Black "Shohradova, Lala"]
[Result "1/2-1/2"]
[WhiteElo "2161"]
[BlackElo "2030"]
[PlyCount "179"]
[EventDate "2024.09.11"]
[WhiteTeam "Brazil"]
[BlackTeam "Turkmenistan"]
[WhiteTeamCountry "BRA"]
[BlackTeamCountry "TKM"]

1. e4 e6 2. d4 d5 3. Nd2 c5 4. exd5 Qxd5 5. dxc5 Qxc5 6. Ngf3 Nf6 7. Bd3 Be7 8. O-O Nbd7 9. Qe2 O-O 10. c3 ({RR} 10. c4 Qc7 11. b3 b6 12. Bb2 Bb7 13. Rad1 Rad8 14. Ne4 Bxe4 15. Bxe4 Nxe4 16. Qxe4 Bf6 17. Bxf6 Nxf6 18. Qe5 Qe7 19. Qe2 h6 20. Ne5 Qc7 21. g3 Nd7 22. Nxd7 Rxd7 23. Rxd7 Qxd7 24. Rd1 Qe7 {1-0 Vela Frago,A (2331)-Coles,R (2148) 25th Sants Open 2024 (3.28)}) 10... b6 11. Ne4 Qc7 12. Ng3 $146 ({RR} 12. Bg5 Bb7 13. Nxf6+ Bxf6 14. Be4 Rad8 15. Rad1 Bxe4 16. Qxe4 Nc5 17. Qc2 Bxg5 18. Nxg5 g6 19. Ne4 Qf4 20. Nxc5 bxc5 21. g3 Qf3 22. Rde1 Rd3 23. Qe2 Qd5 24. Rd1 Rxd1 25. Rxd1 Qxa2 26. Rd7 Qa4 {0-1 Trent,L (2399)-Holt,C (2549) Titled Tuesday intern op 17th Aug blitz 2021 (4)}) ({RR} 12. Nxf6+ Nxf6 13. Be3 Bb7 14. Bd4 Rfd8 15. Rfe1 Rd5 16. Ne5 Bd6 17. h3 Rd8 18. f4 Bc5 19. Bxc5 Qxc5+ 20. Kh2 Qc7 21. Rad1 g6 22. Qf2 Nh5 23. g3 f6 {0-1 Wang Hao (2722)-Shankland,S (2710) 8th Gashimov Mem Blitz 2022 (4.2)}) ({RR} 12. Bg5 Bb7 13. a4 Rfe8 14. a5 bxa5 15. Nxf6+ Bxf6 16. Bxf6 Nxf6 17. Qe5 Qb6 18. Nd4 Rad8 19. Bb5 Rd5 20. Qe2 Red8 21. Bc4 Rg5 22. g3 e5 23. Nc2 e4 24. Rfd1 Rc8 25. Ne3 h5 26. b3 h4 {1-0 Hrabinska,M (2270)-Nowak,L (2116) Warsaw Najdorf Memorial op-A 13th 2015 (4)}) 12... Bb7 13. Bc2 Rfd8 14. Nd4 Bc5 15. Be3 Nd5 16. Ne4 Bxd4 17. Bxd4 f5 18. Ng5 Nf4 19. Qe3 Nf8 20. Be5 Qc6 21. f3 Nd5 22. Qf2 h6 23. Nh3 Ng6 24. Rfe1 b5 25. Qg3 Kh7 26. a3 a5 27. Bd4 b4 28. axb4 axb4 29. Rxa8 Bxa8 30. Bb3 Rd7 31. cxb4 Nf8 32. Bc5 Ng6 33. Qb8 Bb7 34. Qg3 e5 35. Qf2 Qf6 36. Bc2 Ngf4 37. Nxf4 Nxf4 38. Qe3 Qg5 39. g3 Nh3+ 40. Kh1 Qg4 41. Be4 Bxe4 42. Qxe4 Qh5 43. Qe3 Ng5 44. Rf1 Qh3 45. Ra1 e4 46. fxe4 Nxe4 47. Qf3 Rd2 48. Bg1 Rxb2 49. Rd1 Rc2 50. b5 Rc3 51. Be3 Rc2 52. Bg1 Ng5 53. Qf1 Qg4 54. Rd4 Ne4 55. Rd3 Rb2 56. b6 Nd2 57. Qf4 Qg6 58. Rd6 Qf7 59. Qd4 Qh5 60. g4 Qh3 61. Qf4 Qxg4 62. Qxg4 fxg4 63. Bd4 Rb1+ 64. Kg2 Nf3 65. Bc3 Rb3 66. Rc6 Ng5 67. Bd4 Rb4 68. Bc5 Rb2+ 69. Kg3 Ne4+ 70. Kxg4 Nxc5 71. Rxc5 Rxb6 72. h4 Rb4+ 73. Kg3 Kg6 74. Ra5 Rb3+ 75. Kg4 h5+ 76. Kf4 Kh6 77. Ra4 Rh3 78. Kf5 Rf3+ 79. Ke5 Rg3 80. Kf5 g6+ 81. Ke5 Rg1 82. Rf4 g5 83. Rf6+ Kg7 84. Rf5 Kg6 85. Rf6+ Kg7 86. Rf5 Re1+ 87. Kd4 gxh4 88. Rxh5 Ra1 89. Ke3 Kg6 90. Rxh4 1/2-1/2

[Event "Olympiad Women 2024"]
[Site "Budapest HUN"]
[Date "2024.09.16"]
[Round "6.28"]
[Board "2"]
[White "Agajanova, Meryem"]
[Black "Alboredo, Julia"]
[Result "1/2-1/2"]
[WhiteElo "2007"]
[BlackElo "2127"]
[PlyCount "92"]
[EventDate "2024.09.11"]
[WhiteTeam "Turkmenistan"]
[BlackTeam "Brazil"]
[WhiteTeamCountry "TKM"]
[BlackTeamCountry "BRA"]

1. d4 Nf6 2. c4 e6 3. g3 d5 4. Bg2 Bb4+ 5. Bd2 Be7 6. Nf3 Nbd7 7. O-O c6 8. Qc2 Ne4 9. Bc3 $146 ({RR} 9. Bc1 f5 10. Nc3 g5 11. b3 h5 12. Nxe4 dxe4 13. Ne5 Nxe5 14. dxe5 Qc7 15. Bb2 c5 16. Rad1 Bd7 17. Rd6 O-O-O 18. Rfd1 h4 19. a3 Kb8 20. b4 Bc8 21. b5 hxg3 22. hxg3 Rhg8 23. R1d2 Rxd6 {1-0 Shuvalova,P (2487)-Vaishali,R (2506) Julius Baer WSCC 2024 (3.4)}) ({RR} 9. Bf4 g5 10. cxd5 exd5 11. Be3 h5 12. Nfd2 Nd6 13. f3 h4 14. Bf2 hxg3 15. hxg3 Nb6 16. e4 Be6 17. Nc3 Qd7 18. Rfe1 O-O-O 19. a4 Bh3 20. Bh1 dxe4 21. fxe4 Nbc4 22. Nxc4 Nxc4 23. Bf3 Bg4 {0-1 Tica,S (2417)-Mesaros,F (2439) Mitropa Cup 38th 2019 (5.3)}) 9... f5 10. Nbd2 a5 11. Rad1 O-O 12. b3 Nxc3 13. Qxc3 g5 14. Qe3 Kf7 15. Qd3 Bd6 16. cxd5 cxd5 17. Nb1 g4 18. Ne1 Nf6 19. e3 b5 20. Qc2 b4 21. Nd3 Ba6 22. Rfe1 h5 23. Nf4 Rc8 24. Qb2 h4 25. Nd2 Rh8 26. Rc1 hxg3 27. hxg3 Qf8 28. Rxc8 Bxc8 29. Qc2 Bd7 30. Qd3 Qh6 31. Nf1 Ne4 32. Qa6 Ke7 33. Qxa5 Ng5 34. Nd2 Qh2+ 35. Kf1 Rb8 36. Ke2 Bxf4 37. exf4 Qxg2 38. fxg5 f4 39. Qc5+ Ke8 40. Qc7 f3+ 41. Kd1 Rc8 42. Qd6 Qxf2 43. Rxe6+ Bxe6 44. Qxe6+ Kd8 45. Qd6+ Ke8 46. Qe6+ Kd8 1/2-1/2

[Event "Olympiad Women 2024"]
[Site "Budapest HUN"]
[Date "2024.09.16"]
[Round "6.28"]
[Board "3"]
[White "Tamarozi, Isabelle"]
[Black "Shohradova, Leyla"]
[Result "0-1"]
[WhiteElo "2059"]
[BlackElo "1873"]
[PlyCount "100"]
[EventDate "2024.09.11"]
[WhiteTeam "Brazil"]
[BlackTeam "Turkmenistan"]
[WhiteTeamCountry "BRA"]
[BlackTeamCountry "TKM"]

1. e4 e6 2. d4 d5 3. Nc3 Bb4 4. e5 Ne7 5. a3 Bxc3+ 6. bxc3 b6 7. h4 Ba6 8. h5 h6 9. Qg4 Bxf1 10. Kxf1 Nf5 11. a4 ({RR} 11. Nf3 Nc6 12. Nh4 Nce7 13. Nxf5 Nxf5 14. Rh3 Qd7 15. a4 a5 16. Qf4 O-O-O 17. g4 Ne7 18. Qxf7 Rdf8 19. Qxg7 Rfg8 20. Qf6 Rf8 21. Qh4 Rf7 22. Be3 Qc6 23. Ra3 Qc4+ 24. Kg2 Qe2 25. Ra2 Rhf8 {1-0 Sivakumar,S (2277)-Ivanov,A (2068) Titled Tue 26th Mar Late 2024 (3)}) 11... Nc6 12. Ne2 Qd7 13. Nf4 $146 ({RR} 13. Ng3 Nce7 14. Nxf5 Nxf5 15. Qe2 Qc6 16. Qd3 f6 17. g4 Ne7 18. Kg2 fxe5 19. dxe5 d4+ 20. Qf3 Qxf3+ 21. Kxf3 O-O+ 22. Kg3 dxc3 23. Ba3 c5 24. f4 Rad8 25. Bc1 Rd4 26. a5 Nd5 27. axb6 axb6 {0-1 Ricci,A (2088)-Formanek,E (2293) Estensi op 2001 (3)}) 13... O-O-O 14. g3 Na5 15. Kg2 Nc4 16. Re1 a5 17. Kh2 Rdg8 18. Qe2 g6 19. Rb1 g5 20. Nd3 Qxa4 21. g4 Ne7 22. Be3 Qc6 23. Ra1 Rf8 24. Bc1 f6 25. Ba3 Nxa3 26. exf6 Qd6+ 27. Ne5 Rxf6 28. Qa6+ Kd8 29. Rxa3 Qxa3 30. Qa8+ Nc8 31. Nc6+ Kd7 32. Ne5+ Ke7 33. Ng6+ Rxg6 34. hxg6 Qd6+ 35. Kg2 Kd7 36. Re5 Rg8 37. Qa6 Ne7 38. Qb5+ Qc6 39. Qb3 Nxg6 40. Re3 Nf4+ 41. Kg1 Ra8 42. Qa3 Qd6 43. Qa4+ c6 44. c4 dxc4 45. c3 b5 46. Qc2 Nd3 47. Qe2 Rf8 48. f3 a4 49. Qg2 a3 50. Kh1 Qf4 0-1

[Event "Olympiad Women 2024"]
[Site "Budapest HUN"]
[Date "2024.09.16"]
[Round "6.28"]
[Board "4"]
[White "Arazmedova, Enesh"]
[Black "Dias, Clara"]
[Result "1-0"]
[WhiteElo "1761"]
[BlackElo "1954"]
[PlyCount "103"]
[EventDate "2024.09.11"]
[WhiteTeam "Turkmenistan"]
[BlackTeam "Brazil"]
[WhiteTeamCountry "TKM"]
[BlackTeamCountry "BRA"]

1. e4 c5 2. Nf3 d6 3. d4 cxd4 4. Nxd4 Nf6 5. Nc3 a6 6. Bg5 e6 7. f4 Be7 8. Qf3 Qc7 9. O-O-O Nbd7 10. g4 b5 11. Bxf6 Nxf6 12. g5 Nd7 13. f5 Bxg5+ 14. Kb1 Ne5 15. Qh5 Bf6 16. Nxe6 Bxe6 17. fxe6 O-O 18. Nd5 Qd8 19. Bh3 ({RR} 19. exf7+ Rxf7 20. Bh3 Qe8 21. Rhg1 Kh8 22. Bf5 h6 23. Nf4 Rc7 24. Qh3 Qc6 25. Rg2 Rac8 26. Nd5 Rf8 27. Nxc7 Qxc7 28. c3 Nc4 29. Be6 Ne5 30. Bf5 a5 31. Rgd2 Rd8 32. Qg3 b4 33. cxb4 axb4 {1-0 Liu,Z (1996)-Hernandez,A (2026) Titled Tue 30th Jul Early 2024 (9)}) 19... fxe6 20. Bxe6+ Kh8 21. Nxf6 $146 ({RR} 21. Rhg1 g6 22. Qe2 Bg7 23. Rdf1 Rxf1+ 24. Rxf1 Nc4 25. c3 Qg5 26. Nc7 Nd2+ 27. Kc2 Nxf1 28. Nxa8 Ne3+ 29. Kb3 Qc5 30. Nc7 Qxc7 31. Qxe3 Qe7 32. Bd5 Be5 33. h3 Qc7 34. Qh6 Qc8 35. Qh4 Kg7 {½-½ Manzano Gomez,V (1722)-Rivera,I (2249) Colombia Talentos-Maestros online 2020 (2.10)}) ({RR} 21. Rhg1 g6 22. Qh3 Bg7 23. Rdf1 Rb8 24. Rxf8+ Qxf8 25. Rf1 Qd8 26. Rf4 Qg5 27. a3 Bh6 28. Ka2 Nc4 29. Rf1 Bg7 30. Nc3 Qd2 31. Qg3 Bd4 32. Qd3 Qxd3 33. cxd3 Ne5 34. Ne2 Be3 35. d4 Nc6 {0-1 Hlozek,D (1336)-Ocko,D (1478) EU Union-ch U10 2013 (5)}) 21... Rxf6 22. Bd5 Rc8 23. Rhf1 Rg6 24. Qe2 Qe7 25. Rf5 h6 26. Rdf1 Rb8 27. h4 Kh7 28. Qf2 Ng4 29. Qf4 Qxh4 30. e5 dxe5 31. Qe4 Qg3 32. Bf7 Nf6 33. Bxg6+ Qxg6 34. Qxe5 Rd8 35. a3 Rd2 36. Qc7 Rd7 37. Qc6 Re7 38. Qxa6 Re1+ 39. Ka2 Qf7+ 40. b3 Re2 41. Kb2 Qc7 42. Rc1 Ne4 43. Qxb5 Qc3+ 44. Kb1 Qh3 45. Rc5 Qe3 46. Rc7 Nd2+ 47. Ka2 Rg2 48. Qf5+ Rg6 49. Rc6 Qg3 50. Rd1 Nf3 51. Rd3 Qg2 52. Rxf3 1-0